=LDR 00000nam 2200000 4500 =001 INLIS000000000025449 =005 20150926083602.0 =006 =007 =008 Ind =035 ##$$0010-061300000025449 =041 ##$$a Ind =082 ##$$a 2X2.6 =090 ##$$a 2X2.6, Hid c =100 ##$$a Hidayat, Kidh =245 ##$$a Dongeng untuk anak sholeh, Kidh Hidayat =260 ##$$a 2000 $b Surabaya =300 ##$$a 86 hlm, ilus, 18 cm =650 ##$$a Dongeng anak sholeh =850 ##$$a NBPNMAT